00803nam a22002537a 450000500170000001000110001702000100002803500110003803700160004904000120006508200150007710000220009224500520011425000120016626000460017827000690022430000200029350000220031365000220033565000290035794200240038699900190041095201200042920170124105940.0 a302686 c10.00 a302686 bCen Lib/Ret aDPLbEN a915.4bROY aRoy, P. B.911085 aIndia : cby P. B. Royba handbook of travel / a2nd ed  aCacutta bSaturday Mail Publcationsc1958 bDelhiaMotilal Banarasidass Post Box 1586, Bungalow Roade110006 a318p.c17cm(Hb) aIncludes indexes. aGeography 991508 aIndian Geography 911087 2ddccENh915.4mROY c124536d124536 00104070aLbLd2015-06-16eCen Lib/Retg0.00l0o915.4 ROYp302686r2015-06-16 00:00:00t1v0.00w2015-06-16yEN